Normal view
MARC view
Entry Personal Name
001 - CONTROL NUMBER
- control field: 515804
003 - CONTROL NUMBER IDENTIFIER
- control field: OSt
005 - DATE AND TIME OF LATEST TRANSACTION
- control field: 20220928150232.0
008 - FIXED-LENGTH DATA ELEMENTS
- fixed length control field: 220928|| aca||aabn | a|a d
040 ## - CATALOGING SOURCE
- Original cataloging agency: OSt
- Transcribing agency: OSt
100 ## - HEADING--PERSONAL NAME
- Personal name: Schell J
670 ## - SOURCE DATA FOUND
- Source citation: Work cat.: (OSt)840896: Hohn Th 515803, Plant DNA infectious agents, 1987
